[Event "Barcelona IM2 06"]
[Site "Barcelona"]
[Date "2025.06.26"]
[Round "2"]
[White "Mathieu, Phileas"]
[Black "Alcala Gonzalez, Cesar"]
[Result "1-0"]
[WhiteElo "2354"]
[BlackElo "2268"]
[PlyCount "93"]
[EventDate "2025.06.25"]
[EventType "tourn"]
[EventRounds "9"]
[EventCountry "ESP"]
[EventCategory "1"]
[SourceTitle "CB28_2025"]
[SourceDate "2025.07.09"]
[SourceVersion "1"]
[SourceVersionDate "2025.07.09"]
[SourceQuality "1"]

1. e4 c6 2. d4 d5 3. Nc3 dxe4 4. Nxe4 Nf6 5. Nxf6+ exf6 6. c3 Bd6 7. Bd3 0-0 8. Qc2 c5 9. Ne2 h6 10. Be3 cxd4 11. Nxd4 Nc6 12. Nxc6 bxc6 13. 0-0 Re8 14. Rfe1 Bb7 15. Bc4 Qe7 16. Bd2 Qf8 17. Qf5 Bc8 18. Qf3 Bd7 19. g3 a5 20. Rad1 Rxe1+ 21. Rxe1 Re8 22. Rd1 Be6 23. Bxe6 Rxe6 24. a3 Qb8 25. b4 Qb5 26. Bf4 Qf5 27. Qd3 Qxd3 28. Rxd3 Bxf4 29. gxf4 Kf8 30. Kg2 axb4 31. cxb4 f5 32. Kf3 Re4 33. Rc3 Rd4 34. Ke3 Re4+ 35. Kf3 Rd4 36. Ke2 Re4+ 37. Kf1 Re6 38. Kg2 Ke7 39. Re3 Kd6 40. Rxe6+ fxe6 41. Kf3 g5 42. Ke3 e5 43. fxe5+ Kxe5 44. a4 f4+ 45. Kd3 Kd5 46. a5 Kd6 47. Ke4 1-0

[Event "FRA-chT Top 16 GpA"]
[Site "Belfort"]
[Date "2025.05.23"]
[Round "2.5"]
[White "Mathieu, Phileas"]
[Black "Bailet, Pierre"]
[Result "1/2-1/2"]
[WhiteElo "2346"]
[BlackElo "2472"]
[PlyCount "35"]
[EventDate "2025.05.22"]
[EventType "team-tourn"]
[EventRounds "7"]
[EventCountry "FRA"]
[SourceTitle "CB22_2025"]
[SourceDate "2025.05.28"]
[SourceVersion "1"]
[SourceVersionDate "2025.05.28"]
[SourceQuality "1"]
[WhiteTeam "Lyon"]
[BlackTeam "Metz Fischer"]
[WhiteTeamCountry "FRA"]
[BlackTeamCountry "FRA"]

1. e4 e5 2. Nf3 Nc6 3. Bb5 Nf6 4. 0-0 Nxe4 5. Re1 Nd6 6. Nxe5 Be7 7. Bf1 Nxe5 8. Rxe5 0-0 9. d4 Bf6 10. Bd3 Bxe5 11. dxe5 Ne8 12. Nc3 d6 13. Qh5 g6 14. Qh6 Be6 15. Bg5 Qd7 16. Ne4 f5 17. Nf6+ Nxf6 18. Bxf6 1/2-1/2

[Event "FRA-ch U20"]
[Site "Vichy"]
[Date "2025.04.29"]
[Round "4"]
[White "Mathieu, Phileas"]
[Black "Droin, Augustin"]
[Result "1/2-1/2"]
[WhiteElo "2346"]
[BlackElo "2467"]
[PlyCount "65"]
[EventDate "2025.04.27"]
[EventType "swiss"]
[EventRounds "9"]
[EventCountry "FRA"]
[SourceTitle "CB19_2025"]
[SourceDate "2025.05.07"]
[SourceVersion "1"]
[SourceVersionDate "2025.05.07"]
[SourceQuality "1"]

1. e4 c5 2. d4 cxd4 3. c3 Nf6 4. e5 Nd5 5. Nf3 Nc6 6. Bc4 Nb6 7. Bb3 d5 8. exd6 Qxd6 9. cxd4 Be6 10. Nc3 Bxb3 11. Qxb3 e6 12. 0-0 Be7 13. Rd1 Rd8 14. Nb5 Qb8 15. Bg5 0-0 16. Rac1 Nd5 17. Bxe7 Ncxe7 18. Ne5 Nf5 19. g3 a6 20. Nc3 Nxd4 21. Rxd4 Qxe5 22. Rcd1 Nxc3 23. Qxc3 Rxd4 24. Qxd4 Qa5 25. a3 h6 26. Qd7 b5 27. Qc6 b4 28. a4 b3 29. Rd3 Qb4 30. Qxa6 Qe1+ 31. Kg2 Qe4+ 32. Rf3 Ra8 33. Qd3 1/2-1/2

[Event "Titled Tuesday intern op 24th Sep Early"]
[Site "Chess.com INT"]
[Date "2024.09.24"]
[Round "6"]
[White "Hernandez Bermudez, Ulises Eduardo"]
[Black "Mathieu, Phileas"]
[Result "1-0"]
[WhiteElo "2042"]
[BlackElo "2298"]
[PlyCount "69"]
[EventDate "2024.09.24"]
[EventType "swiss (blitz)"]
[EventRounds "11"]
[EventCountry "USA"]
[SourceTitle "EXT 2025"]
[Source "ChessBase"]
[SourceDate "2024.10.14"]
[SourceVersion "1"]
[SourceVersionDate "2024.10.14"]
[SourceQuality "1"]

1. e4 c5 2. Bc4 e6 3. c3 d5 4. exd5 exd5 5. Qe2+ Be6 6. Bb3 Nf6 7. Nf3 Nc6 8. Ba4 Bd6 9. d4 c4 10. Bg5 0-0 11. Bxc6 bxc6 12. 0-0 Be7 13. Ne5 Qb8 14. Nxc6 Qd6 15. Ne5 Ne4 16. Bxe7 Qxe7 17. Nd2 Nxd2 18. Qxd2 Rab8 19. f4 f6 20. Nc6 Qc7 21. Nxb8 Rxb8 22. b4 cxb3 23. axb3 Rxb3 24. Qe3 Bf7 25. Rfc1 Rb8 26. f5 Re8 27. Qf3 Rc8 28. Ra6 Qb7 29. Rca1 Rc7 30. Qf4 Re7 31. Rxa7 Re1+ 32. Rxe1 Qxa7 33. Qd6 Qa5 34. Qb8+ Be8 35. Qxe8# 1-0

[Event "Titled Tuesday intern op 24th Sep Early"]
[Site "Chess.com INT"]
[Date "2024.09.24"]
[Round "2"]
[White "Mathieu, Phileas"]
[Black "Bardyk, Artem"]
[Result "0-1"]
[WhiteElo "2298"]
[BlackElo "2278"]
[PlyCount "42"]
[EventDate "2024.09.24"]
[EventType "swiss (blitz)"]
[EventRounds "11"]
[EventCountry "USA"]
[SourceTitle "EXT 2025"]
[Source "ChessBase"]
[SourceDate "2024.10.14"]
[SourceVersion "1"]
[SourceVersionDate "2024.10.14"]
[SourceQuality "1"]

1. e4 e5 2. Nf3 Nc6 3. Bb5 Nge7 4. 0-0 Ng6 5. d4 exd4 6. Nxd4 Bc5 7. Be3 Nxd4 8. Bxd4 Bxd4 9. Qxd4 Qg5 10. Be2 Nf4 11. Bf3 Qxg2+ 12. Bxg2 Ne2+ 13. Kh1 Nxd4 14. Na3 d6 15. c3 Ne6 16. f4 Bd7 17. e5 dxe5 18. fxe5 Rb8 19. Nc4 Bb5 20. b3 Bxc4 21. b4 Bxf1 0-1

[Event "Titled Tuesday intern op 24th Sep Early"]
[Site "Chess.com INT"]
[Date "2024.09.24"]
[Round "7"]
[White "Mathieu, Phileas"]
[Black "Wieczorek, Zbigniew"]
[Result "0-1"]
[WhiteElo "2298"]
[BlackElo "2105"]
[PlyCount "55"]
[EventDate "2024.09.24"]
[EventType "swiss (blitz)"]
[EventRounds "11"]
[EventCountry "USA"]
[SourceTitle "EXT 2025"]
[Source "ChessBase"]
[SourceDate "2024.10.14"]
[SourceVersion "1"]
[SourceVersionDate "2024.10.14"]
[SourceQuality "1"]

1. e4 g6 2. d4 Bg7 3. f4 c6 4. Nf3 d5 5. e5 f6 6. Bd3 Nh6 7. 0-0 0-0 8. Nbd2 Qb6 9. c3 Bg4 10. Qc2 Nd7 11. b3 fxe5 12. fxe5 Nxe5 13. Nxe5 Bxe5 14. Ba3 Bg7 15. Bxe7 Rfe8 16. Bf6 Bxf6 17. Rxf6 Nf5 18. Rf1 Ne3 19. Qb1 Nxf1 20. Bxg6 Nxd2 21. Bxh7+ Kh8 22. Qg6 Re1+ 23. Kf2 Rf1+ 24. Kg3 Ne4+ 25. Kxg4 Nxf6+ 26. Kg5 Nxh7+ 27. Kh6 Rf6 28. Qxf6+ 0-1

[Event "Titled Tuesday intern op 06th Aug Late"]
[Site "Chess.com INT"]
[Date "2024.08.06"]
[Round "3"]
[White "Baloglu, Dila"]
[Black "Mathieu, Phileas"]
[Result "0-1"]
[WhiteElo "1944"]
[BlackElo "2304"]
[PlyCount "112"]
[EventDate "2024.08.06"]
[EventType "swiss (blitz)"]
[EventRounds "11"]
[EventCountry "USA"]
[SourceTitle "EXT 2025"]
[Source "ChessBase"]
[SourceDate "2024.10.14"]
[SourceVersion "1"]
[SourceVersionDate "2024.10.14"]
[SourceQuality "1"]

1. d4 Nf6 2. Bf4 c5 3. c3 d5 4. e3 Nc6 5. Nf3 Qb6 6. Qc2 Bg4 7. Nbd2 e6 8. h3 Bh5 9. Bd3 c4 10. Be2 Bg6 11. Qc1 Nh5 12. Bh2 Nf6 13. 0-0 Be7 14. Re1 0-0 15. Nh4 Rac8 16. Nxg6 hxg6 17. Bf3 Qd8 18. e4 dxe4 19. Nxe4 Nxe4 20. Bxe4 Bd6 21. Bxc6 Bxh2+ 22. Kxh2 Qd6+ 23. Kg1 Rxc6 24. Qe3 Rd8 25. Re2 b5 26. a3 a5 27. Qe5 Qd5 28. Re3 f6 29. Qg3 Kf7 30. Rae1 b4 31. axb4 axb4 32. Ra1 Rcd6 33. Qg4 R8d7 34. Rg3 Qf5 35. Qe2 Qd5 36. Ra4 Rb6 37. Qc2 g5 38. Qh7 Qf5 39. Qh8 bxc3 40. Ra8 Re7 41. Qf8+ Kg6 42. Qxe7 cxb2 43. Qe8+ Kh6 44. Qh8+ Qh7 45. Qd8 b1Q+ 46. Kh2 Qbf5 47. Qxb6 Qxf2 48. Qxe6 Qf4 49. Ra5 c3 50. Raxg5 c2 51. Qe2 fxg5 52. Qe6+ Qg6 53. Qc8 c1Q 54. Qh8+ Qh7 55. Qd8 Qxg3+ 56. Kxg3 Qf4# 0-1

[Event "Titled Tuesday intern op 06th Aug Early"]
[Site "Chess.com INT"]
[Date "2024.08.06"]
[Round "1"]
[White "Goltseva, Ekaterina"]
[Black "Mathieu, Phileas"]
[Result "1-0"]
[WhiteElo "2366"]
[BlackElo "2304"]
[PlyCount "45"]
[EventDate "2024.08.06"]
[EventType "swiss (blitz)"]
[EventRounds "11"]
[EventCountry "USA"]
[SourceTitle "EXT 2025"]
[Source "ChessBase"]
[SourceDate "2024.10.14"]
[SourceVersion "1"]
[SourceVersionDate "2024.10.14"]
[SourceQuality "1"]

1. Nf3 Nf6 2. c4 c5 3. g3 g6 4. Bg2 Bg7 5. d4 cxd4 6. Nxd4 Nc6 7. Nc3 0-0 8. 0-0 Qb6 9. Ndb5 a6 10. Be3 Qd8 11. Na3 Qc7 12. Rc1 Ng4 13. Bf4 e5 14. Nd5 Qd8 15. Bd2 Nd4 16. e3 Ne6 17. Qxg4 f5 18. Qe2 f4 19. exf4 exf4 20. Bc3 f3 21. Bxf3 Ng5 22. Bg2 Bxc3 23. Rxc3 1-0

[Event "Titled Tuesday intern op 06th Aug Late"]
[Site "Chess.com INT"]
[Date "2024.08.06"]
[Round "2"]
[White "Mathieu, Phileas"]
[Black "Siniauski, Artsiom"]
[Result "0-1"]
[WhiteElo "2304"]
[BlackElo "2185"]
[PlyCount "88"]
[EventDate "2024.08.06"]
[EventType "swiss (blitz)"]
[EventRounds "11"]
[EventCountry "USA"]
[SourceTitle "EXT 2025"]
[Source "ChessBase"]
[SourceDate "2024.10.14"]
[SourceVersion "1"]
[SourceVersionDate "2024.10.14"]
[SourceQuality "1"]

1. d4 Nf6 2. Nf3 g6 3. Bf4 Bg7 4. e3 0-0 5. c3 b6 6. Nbd2 Bb7 7. Bd3 d6 8. h3 Nbd7 9. 0-0 Qe8 10. e4 e5 11. Bh2 Qe7 12. Re1 Nh5 13. Nc4 Rae8 14. dxe5 dxe5 15. Qc2 Nf4 16. Bf1 h5 17. Rad1 Bc6 18. Ne3 Qf6 19. b4 Nxh3+ 20. gxh3 Qxf3 21. Bg2 Qf6 22. a4 Rd8 23. Nd5 Bxd5 24. exd5 Rfe8 25. c4 Bh6 26. c5 bxc5 27. bxc5 Bf4 28. Bxf4 Qxf4 29. Re4 Qf5 30. Qc3 Nf6 31. Re2 e4 32. d6 cxd6 33. cxd6 Nd5 34. Qg3 Nf4 35. Ree1 Re6 36. Rd4 Rdxd6 37. Rdxe4 Rxe4 38. Bxe4 Qf6 39. Kh2 Kg7 40. Bf3 Rd2 41. Bg2 Qd4 42. Qe3 Qxe3 43. fxe3 Nxg2 44. Kh1 Nxe1 0-1

[Event "Titled Tuesday intern op 09th Jul Late"]
[Site "Chess.com INT"]
[Date "2024.07.09"]
[Round "5"]
[White "Panesso Rivera, Henry"]
[Black "Mathieu, Phileas"]
[Result "1-0"]
[WhiteElo "2356"]
[BlackElo "2304"]
[PlyCount "35"]
[EventDate "2024.07.09"]
[EventType "swiss (blitz)"]
[EventRounds "11"]
[EventCountry "USA"]
[SourceTitle "EXT 2025"]
[Source "ChessBase"]
[SourceDate "2024.10.14"]
[SourceVersion "1"]
[SourceVersionDate "2024.10.14"]
[SourceQuality "1"]

1. d4 d5 2. c4 c6 3. Nf3 Nf6 4. Nc3 e6 5. Bg5 Bd6 6. e3 Nbd7 7. Rc1 0-0 8. Bd3 h6 9. Bh4 dxc4 10. Bxc4 Qc7 11. 0-0 Nd5 12. Bxd5 exd5 13. Nxd5 Qb8 14. Ne7+ Bxe7 15. Bxe7 Re8 16. Bh4 Nf8 17. Bg3 Qxg3 18. hxg3 1-0

[Event "FRA-chT Top 16 GpA"]
[Site "Chartres"]
[Date "2024.06.03"]
[Round "5.16"]
[White "Mathieu, Phileas"]
[Black "Tamburro, Clemence"]
[Result "1-0"]
[WhiteElo "2299"]
[BlackElo "1747"]
[PlyCount "41"]
[EventDate "2024.05.30"]
[EventType "team-tourn"]
[EventRounds "7"]
[EventCountry "FRA"]
[SourceTitle "CBM 220 Extra"]
[Source "ChessBase"]
[SourceDate "2024.07.31"]
[SourceVersion "1"]
[SourceVersionDate "2024.07.31"]
[SourceQuality "1"]
[WhiteTeam "Lyon"]
[BlackTeam "Cergy Pontoise"]
[WhiteTeamCountry "FRA"]
[BlackTeamCountry "FRA"]

1. a3 e5 2. c4 Nf6 3. e3 Be7 4. Nc3 0-0 5. Qc2 c6 6. Nf3 Qc7 7. d4 exd4 8. exd4 Re8 9. Be3 Ng4 10. Bd3 g6 11. 0-0-0 Nxe3 12. fxe3 d6 13. h4 Nd7 14. h5 Nf8 15. Rdf1 Bf6 16. Ne4 Bh8 17. Nfg5 f5 18. hxg6 hxg6 19. Nxd6 Rxe3 20. c5 Bxd4 21. Qc4+ 1-0

[Event "Titled Tuesday intern op 14th May Late"]
[Site "Chess.com INT"]
[Date "2024.05.14"]
[Round "1"]
[White "Mathieu, Phileas"]
[Black "Usov, Aleksandr E"]
[Result "0-1"]
[WhiteElo "2302"]
[BlackElo "2245"]
[PlyCount "70"]
[EventDate "2024.05.14"]
[EventType "swiss (blitz)"]
[EventRounds "11"]
[EventCountry "USA"]
[SourceTitle "CBM 220 Extra"]
[Source "ChessBase"]
[SourceDate "2024.07.31"]
[SourceVersion "1"]
[SourceVersionDate "2024.07.31"]
[SourceQuality "1"]

1. Nf3 d5 2. e3 Nf6 3. c4 c6 4. Nc3 g6 5. b3 Bg7 6. Bb2 0-0 7. g3 Bg4 8. Bg2 Nbd7 9. h3 Bxf3 10. Qxf3 Ne5 11. Qe2 dxc4 12. 0-0 Qd3 13. bxc4 Qxe2 14. Nxe2 Nxc4 15. Bc3 Rfd8 16. Rab1 Rd7 17. Rfc1 Nb6 18. d4 e6 19. Nf4 Nfd5 20. Nd3 Nxc3 21. Rxc3 Bf8 22. h4 h5 23. Nb2 Re8 24. Rb3 e5 25. dxe5 Rxe5 26. Nd3 Ra5 27. R1b2 c5 28. Ne5 Rd1+ 29. Kh2 Bg7 30. f4 c4 31. Rc3 Bxe5 32. fxe5 Na4 33. Rcc2 Nxb2 34. e6 Nd3 35. Rxc4 fxe6 0-1

[Event "Titled Tuesday intern op 30th Apr Late"]
[Site "Chess.com INT"]
[Date "2024.04.30"]
[Round "6"]
[White "Bestard Borras, Miguel"]
[Black "Mathieu, Phileas"]
[Result "1-0"]
[WhiteElo "2107"]
[BlackElo "2325"]
[PlyCount "89"]
[EventDate "2024.04.30"]
[EventType "swiss (blitz)"]
[EventRounds "11"]
[EventCountry "USA"]
[SourceTitle "EXT 2025"]
[Source "ChessBase"]
[SourceDate "2024.10.14"]
[SourceVersion "1"]
[SourceVersionDate "2024.10.14"]
[SourceQuality "1"]

1. e4 c5 2. b4 cxb4 3. d4 e6 4. Nf3 d5 5. e5 Nc6 6. Bd3 Qb6 7. 0-0 Bd7 8. Bb2 Nge7 9. a3 Ng6 10. axb4 Nxb4 11. Ba3 Nxd3 12. Qxd3 Bxa3 13. Qxa3 Bb5 14. Re1 Ne7 15. Nc3 Bc4 16. Na4 Qc7 17. Nd2 b5 18. Nxc4 bxc4 19. Nc5 Nc6 20. c3 0-0 21. Reb1 Rab8 22. Rxb8 Qxb8 23. Qa6 Qc7 24. Rb1 Na5 25. Rb5 Nb3 26. Nxb3 cxb3 27. Rxb3 Rb8 28. Rxb8+ Qxb8 29. h4 Qb1+ 30. Kh2 Qb8 31. h5 Kf8 32. g4 Qb6 33. Qxb6 axb6 34. Kg3 Ke7 35. Kf3 Kd7 36. Ke3 Kc7 37. Kd3 Kc6 38. Kc2 Kb5 39. Kb3 Ka5 40. f4 f5 41. exf6 gxf6 42. g5 e5 43. dxe5 fxe5 44. fxe5 Kb5 45. g6 1-0

[Event "Titled Tuesday intern op 30th Apr Late"]
[Site "Chess.com INT"]
[Date "2024.04.30"]
[Round "4"]
[White "Mathieu, Phileas"]
[Black "Guzman Lozano, Campo Elias"]
[Result "1-0"]
[WhiteElo "2325"]
[BlackElo "1902"]
[PlyCount "49"]
[EventDate "2024.04.30"]
[EventType "swiss (blitz)"]
[EventRounds "11"]
[EventCountry "USA"]
[SourceTitle "EXT 2025"]
[Source "ChessBase"]
[SourceDate "2024.10.14"]
[SourceVersion "1"]
[SourceVersionDate "2024.10.14"]
[SourceQuality "1"]

1. e4 c5 2. Nf3 Nc6 3. Bb5 e5 4. Bxc6 dxc6 5. c3 Bd6 6. d4 cxd4 7. cxd4 exd4 8. Qxd4 Kf8 9. Nc3 Bg4 10. Be3 Qe7 11. e5 Bc7 12. Qxg4 h5 13. Qg5 Qb4 14. 0-0 Ne7 15. a3 Qg4 16. h3 Qe6 17. Rad1 Nf5 18. Bc5+ Kg8 19. Nd4 Nxd4 20. Rxd4 Rh6 21. Bd6 Bd8 22. Qd2 Bb6 23. Rd3 Re8 24. Rg3 f6 25. Qxh6 1-0

[Event "Titled Tuesday intern op 30th Apr Late"]
[Site "Chess.com INT"]
[Date "2024.04.30"]
[Round "1"]
[White "Mathieu, Phileas"]
[Black "Shapiro, Viktor"]
[Result "0-1"]
[WhiteElo "2325"]
[BlackElo "2113"]
[PlyCount "140"]
[EventDate "2024.04.30"]
[EventType "swiss (blitz)"]
[EventRounds "11"]
[EventCountry "USA"]
[SourceTitle "EXT 2025"]
[Source "ChessBase"]
[SourceDate "2024.10.14"]
[SourceVersion "1"]
[SourceVersionDate "2024.10.14"]
[SourceQuality "1"]

1. e4 Nf6 2. Nc3 d5 3. exd5 Nxd5 4. Qf3 c6 5. Bc4 e6 6. d4 Be7 7. Nh3 0-0 8. Bd2 b5 9. Bd3 Nd7 10. Ne4 e5 11. Nhg5 h6 12. h4 exd4 13. 0-0-0 Ne5 14. Qg3 Nxd3+ 15. Qxd3 f5 16. Ng3 hxg5 17. hxg5 Bxg5 18. Qxd4 Bxd2+ 19. Rxd2 Qf6 20. Qc5 Bd7 21. Nh5 Qh6 22. Ng3 Qe6 23. Re2 Qf7 24. Qd4 Qf6 25. Qc5 Rfe8 26. Rd2 f4 27. Nh5 Qe5 28. g3 f3 29. c4 bxc4 30. Qxc4 Qg5 31. Nf4 Be6 32. Rh5 Nxf4 33. Rxg5 Bxc4 34. gxf4 Bd5 35. b4 Re1+ 36. Kc2 Re2 37. b5 Rd8 38. Kc3 Rxd2 39. Kxd2 cxb5 40. Ke3 a5 41. Kd4 Bxa2+ 42. Kc5 Bc4 43. f5 Kf7 44. Rg6 Bd3 45. Ra6 a4 46. Kb4 Rd5 47. f6 gxf6 48. Ra7+ Kg6 49. Ra8 Bc4 50. Rg8+ Kf5 51. Rg3 Rd3 52. Rh3 Rb3+ 53. Kc5 a3 54. Rh1 a2 55. Rh5+ Kg6 56. Rh8 Rb1 57. Ra8 a1Q 58. Rc8 Qe5+ 59. Kc6 Rd1 60. Kb7 Rd7+ 61. Ka6 Qd6+ 62. Ka5 Qa3+ 63. Kb6 Rd6+ 64. Kc7 Re6 65. Rd8 Qe7+ 66. Rd7 Qc5+ 67. Kd8 Qb6+ 68. Rc7 Rd6+ 69. Ke8 Qxc7 70. Kf8 Rd8# 0-1

[Event "Lyon ECAM IM"]
[Site "Lyon"]
[Date "2024.04.28"]
[Round "9"]
[White "Peng, Li Min"]
[Black "Mathieu, Phileas"]
[Result "1-0"]
[WhiteElo "2544"]
[BlackElo "2325"]
[PlyCount "45"]
[EventDate "2024.04.22"]
[EventType "tourn"]
[EventRounds "9"]
[EventCountry "FRA"]
[EventCategory "5"]
[SourceTitle "CBM 220 Extra"]
[Source "ChessBase"]
[SourceDate "2024.07.31"]
[SourceVersion "1"]
[SourceVersionDate "2024.07.31"]
[SourceQuality "1"]

1. d4 d5 2. c4 c6 3. Nf3 Nf6 4. e3 e6 5. Nbd2 Bd6 6. Bd3 Nbd7 7. 0-0 0-0 8. e4 e5 9. cxd5 cxd5 10. Re1 Re8 11. exd5 exd4 12. Rxe8+ Qxe8 13. Nc4 Bc5 14. d6 b5 15. Na5 Qf8 16. Bf4 a6 17. Qc2 Bb4 18. Be4 Nxe4 19. Qxe4 Rb8 20. Nc6 Bb7 21. Ng5 Nf6 22. Ne7+ Kh8 23. Qxd4 1-0

[Event "Lyon ECAM IM"]
[Site "Lyon"]
[Date "2024.04.23"]
[Round "3"]
[White "Mathieu, Phileas"]
[Black "Dudognon, Thibault"]
[Result "0-1"]
[WhiteElo "2325"]
[BlackElo "2415"]
[PlyCount "84"]
[EventDate "2024.04.22"]
[EventType "tourn"]
[EventRounds "9"]
[EventCountry "FRA"]
[EventCategory "5"]
[SourceTitle "CBM 220 Extra"]
[Source "ChessBase"]
[SourceDate "2024.07.31"]
[SourceVersion "1"]
[SourceVersionDate "2024.07.31"]
[SourceQuality "1"]

1. e4 c5 2. Nf3 d6 3. d4 cxd4 4. Nxd4 Nf6 5. Nc3 a6 6. Bg5 e6 7. Qf3 h6 8. Bd2 Qb6 9. Nb3 Nbd7 10. 0-0-0 Qc7 11. Bd3 Ne5 12. Qg3 b5 13. f4 Nxd3+ 14. Qxd3 b4 15. Ne2 a5 16. Kb1 Ba6 17. Qf3 Bb7 18. Ng3 Be7 19. Rhe1 0-0 20. Nd4 Rfc8 21. Rc1 Qc4 22. c3 d5 23. e5 Ne4 24. Red1 Nxd2+ 25. Rxd2 a4 26. Qg4 a3 27. b3 Qa6 28. Nh5 g6 29. f5 exf5 30. Nxf5 Bg5 31. Nf6+ Kh8 32. Nd6 Bxd2 33. Nxf7+ Kg7 34. Nh5+ Kf8 35. c4 gxh5 36. Qf5 Kg7 37. e6 Bxc1 38. Ne5 Rc7 39. Qg6+ Kh8 40. Kxc1 Rf8 41. Qxh6+ Kg8 42. Ng6 Rxc4+ 0-1

[Event "Lyon ECAM IM"]
[Site "Lyon"]
[Date "2024.04.22"]
[Round "1"]
[White "Mathieu, Phileas"]
[Black "Prie, Eric"]
[Result "1-0"]
[WhiteElo "2325"]
[BlackElo "2335"]
[PlyCount "83"]
[EventDate "2024.04.22"]
[EventType "tourn"]
[EventRounds "9"]
[EventCountry "FRA"]
[EventCategory "5"]
[SourceTitle "CBM 220 Extra"]
[Source "ChessBase"]
[SourceDate "2024.07.31"]
[SourceVersion "1"]
[SourceVersionDate "2024.07.31"]
[SourceQuality "1"]

1. e4 d5 2. exd5 Qxd5 3. Nc3 Qa5 4. d4 Nf6 5. Nf3 Bf5 6. Ne5 c6 7. Bc4 e6 8. g4 Bg6 9. h4 Nbd7 10. Nxd7 Nxd7 11. h5 Be4 12. 0-0 Bd5 13. Nxd5 cxd5 14. Bd3 g6 15. Qf3 gxh5 16. g5 Bd6 17. Be3 Qd8 18. Kg2 Rg8 19. Qxh5 Qe7 20. Rg1 0-0-0 21. Kf1 Kb8 22. Re1 Nf8 23. Qf3 Ng6 24. Rh1 Rg7 25. Qf6 Qf8 26. Rh6 Qg8 27. Ke2 Ka8 28. Kd1 Be7 29. Qf3 e5 30. Qf5 e4 31. Be2 Nf8 32. f4 exf3 33. Bxf3 Bxg5 34. Rd6 Ne6 35. Qxd5 Rb8 36. Bf2 Bf4 37. Rd7 Qc8 38. Qb5 Bg3 39. Rxe6 fxe6 40. Rxg7 Bxf2 41. c3 h5 42. a4 1-0